[Event "Santa Cruz op 8th"]
[Site "Santa Cruz"]
[Date "2024.01.11"]
[Round "2"]
[White "Vedia Ibarra, Edwin Danel"]
[Black "Laura Cabrera, Jhon Magno"]
[Result "1-0"]
[WhiteElo "1308"]
[BlackElo "1654"]
[PlyCount "113"]
[EventDate "2024.01.11"]
[EventType "swiss"]
[EventRounds "7"]
[EventCountry "BOL"]
[SourceTitle "CB04_2024"]
[SourceDate "2023.10.16"]
[SourceVersion "1"]
[SourceVersionDate "2023.10.16"]
[SourceQuality "1"]

1. d4 Nf6 2. g3 g6 3. Bg2 Bg7 4. Nf3 d6 5. 0-0 0-0 6. b3 c5 7. c3 Nbd7 8. Bb2 Rb8 9. Nbd2 b5 10. e4 c4 11. b4 Nb6 12. Rc1 Qc7 13. Re1 e5 14. Qc2 Ne8 15. dxe5 dxe5 16. Nf1 f5 17. Rcd1 Nd6 18. N3d2 f4 19. Bc1 fxg3 20. hxg3 Qf7 21. f3 Bb7 22. Nb1 Rbd8 23. Be3 Qe6 24. Na3 Nbc8 25. Rd2 a6 26. Red1 Nf7 27. Bc5 Rfe8 28. Ne3 Nb6 29. Rxd8 Rxd8 30. Rxd8+ Nxd8 31. Qd1 Nf7 32. Bxb6 Qxb6 33. Nac2 Bh6 34. Kf2 Qd6 35. Qxd6 Nxd6 36. Bh3 Kf7 37. Ng4 Bg7 38. Nce3 h5 39. Nh2 Bxe4 40. fxe4 Nxe4+ 41. Kf3 Nxc3 42. Bc8 e4+ 43. Kf2 Bd4 44. Nhf1 Nxa2 45. Bxa6 c3 46. Ke2 Nxb4 47. Bxb5 Kf6 48. Ba4 Kg5 49. Nc2 Nxc2 50. Bxc2 Kg4 51. Bxe4 g5 52. Bf3+ Kh3 53. Bxh5 g4 54. Bg6 Bf2 55. Kxf2 c2 56. Be4 c1Q 57. Bg2# 1-0